Εισαγωγή στο Μάρκετινγκ και την Έρευνα Αγοράς / 6η Έκδοση (Record no. 3376)
[ view plain ]
| 000 -LEADER | |
|---|---|
| fixed length control field | 03517cam a22002174a 4500 |
| 005 - ΗΜΕΡΟΜΗΝΙΑ ΚΑΙ ΩΡΑ ΤΕΛΕΥΤΑΙΑΣ ΕΝΗΜΕΡΩΣΗΣ | |
| Πεδίο ελέγχου | 20250605164113.0 |
| 008 - FIXED-LENGTH DATA ELEMENTS--GENERAL INFORMATION | |
| Πεδίο ελέγχου σταθερού μήκους | 250528s ||||||||||||||||||||||||d |
| 035 ## - SYSTEM CONTROL NUMBER | |
| System control number | 17982 |
| 020 ## - ISBN | |
| ISBN | 9786188368408 |
| 040 ## - ΠΗΓΗ ΚΑΤΑΛΟΓΟΓΡΑΦΗΣΗΣ | |
| Φορέας πρωτότυπης καταλογογράφησης | MC Athens Campus Library |
| Γλώσσα καταλογογράφησης | Ελληνικά, Μοντέρνα (1453-) |
| Modifying agency | MC Athens Campus Library |
| Κανόνες περιγραφικής καταλογογράφησης | AACR2 |
| 245 1# - ΤΙΤΛΟΣ ΚΑΙ ΔΗΛΩΣΗ ΥΠΕΥΘΥΝΟΤΗΤΑΣ | |
| Τίτλος | Εισαγωγή στο Μάρκετινγκ και την Έρευνα Αγοράς / 6η Έκδοση |
| 250 ## - EDITION STATEMENT | |
| Edition statement | 6η |
| 260 ## - PUBLICATION, DISTRIBUTION, ETC. | |
| Name of publisher, distributor, etc. | Αθήνα, |
| Date of publication, distribution, etc. | 2018 |
| 300 ## - PHYSICAL DESCRIPTION | |
| Extent | 472 |
| 505 0# - FORMATTED CONTENTS NOTE | |
| Formatted contents note | Εισαγωγή στο Μάρκετινγκ και την Αγοραστική Συμπεριφορά, Ο Ρόλος του Μάρκετινγκ στην Κοινωνία και την Οικονομία, Αγοραστική Συμπεριφορά Ατόμων και Επιχειρήσεων και Οργανισμών, Έρευνα Μάρκετινγκ, Έρευνα Μάρκετινγκ και Έρευνα Αγοράς, Προσδιορισμός και Διατύπωση του Προβλήματος, Σχεδιασμός της Έρευνας και Προσδιορισμός των Πηγών των Πληροφοριών, Σχεδιασμός Μεθόδων Συλλογής Στοιχείων και Εργαλείων Έρευνας, Σχεδιασμός του Δείγματος και Συλλογή των Στοιχείων, Δεοντολογία στην Έρευνα Αγοράς, Στρατηγικό Μάρκετινγκ και Μίγμα Μάρκετινγκ, Πολιτική Προϊόντος, Πολιτική Διανομής, Πολιτική Τιμολόγησης, Το Μίγμα της Προώθησης, Τα Πλαίσια του Μάρκετινγκ, Μορφές και Πεδία Εφαρμογής του Μάρκετινγκ, Μάρκετινγκ στο Χώρο Υπηρεσιών Υγείας, Στοιχεία Μικροοικονομικής Ανάλυσης για την Τιμολόγηση, Βιβλιογραφία. |
| 520 ## - SUMMARY, ETC. | |
| Summary, etc. | Εισαγωγή στο Μάρκετινγκ και την Αγοραστική Συμπεριφορά, Ο Ρόλος του Μάρκετινγκ στην Κοινωνία και την Οικονομία, Αγοραστική Συμπεριφορά Ατόμων και Επιχειρήσεων και Οργανισμών, Έρευνα Μάρκετινγκ, Έρευνα Μάρκετινγκ και Έρευνα Αγοράς, Προσδιορισμός και Διατύπωση του Προβλήματος, Σχεδιασμός της Έρευνας και Προσδιορισμός των Πηγών των Πληροφοριών, Σχεδιασμός Μεθόδων Συλλογής Στοιχείων και Εργαλείων Έρευνας, Σχεδιασμός του Δείγματος και Συλλογή των Στοιχείων, Δεοντολογία στην Έρευνα Αγοράς, Στρατηγικό Μάρκετινγκ και Μίγμα Μάρκετινγκ, Πολιτική Προϊόντος, Πολιτική Διανομής, Πολιτική Τιμολόγησης, Το Μίγμα της Προώθησης, Τα Πλαίσια του Μάρκετινγκ, Μορφές και Πεδία Εφαρμογής του Μάρκετινγκ, Μάρκετινγκ στο Χώρο Υπηρεσιών Υγείας, Στοιχεία Μικροοικονομικής Ανάλυσης για την Τιμολόγηση, Βιβλιογραφία. |
| 700 1# - ΠΡΟΣΘΕΤΗ ΑΝΑΓΡΑΦΗ--ΦΥΣΙΚΟ ΠΡΟΣΩΠΟ | |
| Personal name | Τομαράς Πέτρος |
| 9 (RLIN) | 4303 |
| 942 ## - ADDED ENTRY ELEMENTS (KOHA) | |
| Koha item type | Books |
| Τύπος τεκμηρίου | Βιβλιοθήκη | Τρέχουσα τοποθεσία | Barcode | Αριθμός εισαγωγής | Ημερομηνία απόκτησης | Ταξιθετικό σύμβολο | Αριθμός αντιτύπου | Κατάσταση απόσυρσης | Κατάσταση χαμένου | Κατάσταση κατεστραμμένου | Μη δανεισμός | Σύνολο δανεισμών | Ημερομηνία τελευταίας εμφάνισης | Η τιμή ισχύει από |
|---|---|---|---|---|---|---|---|---|---|---|---|---|---|---|
| Books | MC Athens Campus Library | MC Athens Campus Library | 9780000033758 | 7423 | 05/06/2025 | 658.8 TOM | 1 | 05/06/2025 | 05/06/2025 |